000 00221nam a2200085Ia 4500
245 0 _aThe chalk circle man
100 _a Vargas, Fred London, 2009
_978872
942 _cBK
008 210817s9999 xx 000 0 und d
999 _c273307
_d273305